Регионална библиотека "Любен Каравелов" - Русе

Последният жив (Запис номер 95393)

MARC детайли
000 -Лидер
Контролно поле с фиксирана дължина 01237nam a2200337 c 4500
003 - Код на организацията, давaща контролен номер
Контролно поле BLK
005 - Дата и час на последна редакция
Контролно поле 20240611143226.0
008 - Елементи от данни с фиксирана дължина
fixed length control field 180409b bul|||||r ||||||| ||bul||
010 ## - Наследен системен номер
LC control number KNG00100248000
020 ## - Международен стандартен номер на книга ISBN
Международен стандартен номер на книга ISBN 954-769-019-1
-- издат.: Обсидиан
040 ## - Източник на каталожния запис
Идентификатор на билиотеката - собственик на записа BLK
041 ## - Код за език
Код за езика на текст/звукозапис или на отделно заглавие Български
Код за езика КДБФ Български
080 ## - УДК
Текстов определител УДК Американска литература (на САЩ)
УДК код - определител по УДК 821.111(73)
УДК определител -312.4
УДК - код + определител 821.111(73)-312.4
100 1# - Редна дума - Автор
Автор Балдачи, Дейвид
Авторска отговорност първи автор
R(LIN) 35928
139 ## - Редно поле
Редна дума Балдачи, Дейвид
Авторски знак Балд - Б 21
245 10 - Сведения за заглавието
Заглавие Последният жив
Подзаглавни данни Роман
Редно поле (дума) Дейвид Балдачи; прев. от англ. Боян Стефанов Дамянов.
257 ## - Страна на издаване
Страна на създаване/издаване Съединени американски щати
260 ## - Област на издателските данни
-- София
Име на издателя, разпространителя и проч. Обсидиан
Година на издаване 2001
Печатница София : Балкан прес
300 ## - Физическа характеристика
Страници 544 с.
Размери/Мащаб 20 см
380 ## - Жанр
Жанр Худож. лит.
500 ## - Общи забележки
Забележка Ориг. загл. Last Man Standing / David Baldacci.
653 ## - Ключова дума – ненормативна
Ключова дума трилъри
653 ## - Ключова дума – ненормативна
Ключова дума романи
700 ## - Други автори (авторска отговорност)
Лично име Дамянов, Боян Стефанов
Дати, свързани с автора 1960-
9 (RLIN) 246210
852 ## - Местоположение
Форматна сигнатура Цб 210750
856 4# - Електронен адрес и достъп
Електронен формат pdf - файл
Път до файла /url/
856 4# - Електронен адрес и достъп
Електронен формат pdf - файл
Път до файла /url/
942 ## - АРТИКУЛИ
Вид на библиотечния материал Книги
Скрит в OPAC Не
Koha issues (borrowed), all copies 50
944 ## - СЪЗДАВАНЕ И РЕДАКЦИЯ на ЗАПИСА
Създаване/Редакция Създаване
Дата на регистрацията/редакция 01.01.2001
Статус, дата на статуса Цветелина Шанова
Служител, извършил регистрацията/редакцията 30531
944 ## - СЪЗДАВАНЕ И РЕДАКЦИЯ на ЗАПИСА
Създаване/Редакция Редакция
Дата на регистрацията/редакция 10.12.2013
Статус, дата на статуса ф /
Служител, извършил регистрацията/редакцията
999 ## - СИСТЕМНИ КОНТРОЛНИ НОМЕРА
Koha biblionumber 95393
Koha biblioitemnumber 95393
Наличности
Код за отписване Код за изгубен артикул Източник на класификационната схема Код за повреда Коз за рестрикции Код за отдаване Артикулен № Име на библиотеката - собственик Име на библиотеката, в която се намира в момента Статус (Текущо местоположение) Местоположение - отдел Цена в лева Инвентарен номер Систематично азбучна сигнатура Баркод Номер на екземпляра Цена в евро Служебна бележка Служебен тип на артикула Дата на вписване в системата
Изтеглен Не е изгубен Universal Decimal Classification Не е повреден без рестрикции заемане за дома 153163 Регионална библиотека "Любен Каравелов" Русе Регионална библиотека "Любен Каравелов" Русе Заемна - подръчен фонд Заемна - подръчен фонд 10.00 668479 П 820(73)-31/Б 21 668479 1 5.11 Дост: Pk Вид: Ф N: 50 Дата: 14.12.2001 Книги  
  Не е изгубен Universal Decimal Classification Не е повреден без рестрикции ползва се в читалня 153164 Регионална библиотека "Любен Каравелов" Русе Регионална библиотека "Любен Каравелов" Русе Количка Хранилище 10.00 120000675101 Цб 210750 120000675101 2 5.11 Дост: Dp Вид: Д N: 22 Дата: 18.05.2002 Книги 2003-03-07
Изтеглен Не е изгубен Universal Decimal Classification Не е повреден без рестрикции заемане за дома 153165 Регионална библиотека "Любен Каравелов" Русе Регионална библиотека "Любен Каравелов" Русе Заемна - подръчен фонд Заемна - подръчен фонд 10.00 120000772697 П 820(73)-31/Б 21 120000772697 3 5.11 Дост: DA Вид: А N: 20 Дата: 09.12.2013 Дата инв: 14.02.2018 Бележки инв: П2018 Книги 2013-12-09
Vip Innovations Ltd, Rousse, Bulgaria 2025